Curriculum development in language teaching
Shranjeno v:
| Glavni avtor: | |
|---|---|
| Format: | Knjiga |
| Jezik: | angleščina |
| Izdano: |
Cambridge
Cambridge University
2001
|
| Izdaja: | 1a. ed |
| Serija: | Cambridge Language Education
|
| Teme: | |
| Oznake: |
Označite
Brez oznak, prvi označite!
|
MARC
| LEADER | 00000nam a2200000 a 4500 | ||
|---|---|---|---|
| 001 | UCH2709 | ||
| 003 | CL-VaPUC | ||
| 008 | 090624e20010000uk |||||||||||||||||eng|d | ||
| 020 | |a 9780521804914 | ||
| 082 | 0 | 4 | |a 418.0071 |b RIC |2 21 |
| 100 | 0 | |a Richards, Jack C |e author |9 537712 | |
| 245 | 1 | 0 | |a Curriculum development in language teaching |
| 250 | |a 1a. ed | ||
| 300 | |a 321 p | ||
| 942 | |c BK | ||
| 945 | |d 20090624 00:00:00 |a rbrito | ||
| 260 | |a Cambridge |b Cambridge University |c 2001 | ||
| 650 | 0 | |a Lenguaje y lenguas |9 265846 | |
| 650 | 0 | |a Enseñanza del lenguaje |9 373325 | |
| 650 | 0 | |a Lingüística |9 265068 | |
| 650 | 0 | |a Currículo |9 307290 | |
| 583 | |a last modification |c 20130807 01:29:41 |k Rodrigo Vera | ||
| 490 | 0 | |a Cambridge Language Education | |
| 999 | |c 334424 |d 334422 | ||
| 952 | |0 0 |1 0 |4 0 |6 418_007100000000000_RIC_2001 |7 0 |8 A |9 423420 |a FDOPOS |b FDOPOS |d 2019-11-22 |i 4567277 |o 418.0071 RIC 2001 |p 4567277 |r 2025-01-22 |w 2019-11-22 |y BK |k DLA | ||